000
00397nam a2200145Ia 4500
008
100122s9999 xx 000 0 und d
082
_b
9788
_a
809
100
_a
मालशे स गं
245
_a
आवड निवड
260
_b
प्रकाशक शोधणे
_c
1950
300
_a
100
630
_a
आवड निवड
730
_a
आवड निवड
942
_c
BOOK
999
_c
401624
_d
401621